Die Dimension des Autors. Essays und Aufsätze, Reden und Gespräche 1959-1985 / Band 2 :

Uložené v:
Podrobná bibliografia
Hlavný autor: Wolf, Christa (Author)
Médium: Kniha
Jazyk:German
Vydané: Frankfurt am Main : Luchterhand Literaturverlag, 1990
ISBN: 3-630-61891-X
Fyzický popis: S. 463-939
Tagy: Pridať tag
Žiadne tagy, Buďte prvý kto otaguje tento záznam!

MARC

LEADER 00000nam a2200000 a 4500
001 000479250
003 SVKK
005 20060207101734.0
008 060207s1990 e gero
020 |a 3-630-61891-X 
040 |a KE001  |b ger 
080 |a 830-9  |2 undef 
100 1 |a Wolf, Christa  |4 aut 
245 1 0 |a Die Dimension des Autors.  |n Band 2 :  |b Essays und Aufsätze, Reden und Gespräche 1959-1985 /  |c Christa Wolf 
260 |a Frankfurt am Main :  |b Luchterhand Literaturverlag,  |c 1990 
300 |a S. 463-939 
850 |a KE001 
998 |a KN 
992 |a AMG 
090 |g SCKGI  |k Nemecká knižnica  |a 830-9 WOL 2  |j 4697/97  |i 2720000825  |s Vyp. 4 týždne